<?xml version="1.0" encoding="UTF-8"?>
<record
    xmlns:xsi="http://www.w3.org/2001/XMLSchema-instance"
    xsi:schemaLocation="http://www.loc.gov/MARC21/slim http://www.loc.gov/standards/marcxml/schema/MARC21slim.xsd"
    xmlns="http://www.loc.gov/MARC21/slim">

  <leader>01261nam a22001937a 4500</leader>
  <controlfield tag="005">20231130113849.0</controlfield>
  <controlfield tag="008">230621b           ||||| |||| 00| 0 eng d</controlfield>
  <datafield tag="020" ind1=" " ind2=" ">
    <subfield code="a">9780199239467</subfield>
  </datafield>
  <datafield tag="050" ind1=" " ind2=" ">
    <subfield code="a"> RC456.S47</subfield>
  </datafield>
  <datafield tag="100" ind1=" " ind2=" ">
    <subfield code="a">Semple, David</subfield>
    <subfield code="9">372</subfield>
  </datafield>
  <datafield tag="245" ind1=" " ind2=" ">
    <subfield code="a">Oxford handbook of psychiatry. /</subfield>
    <subfield code="c">David Semple, Roger Smyth.</subfield>
  </datafield>
  <datafield tag="250" ind1=" " ind2=" ">
    <subfield code="a">2nd ed</subfield>
  </datafield>
  <datafield tag="260" ind1=" " ind2=" ">
    <subfield code="a">Oxford:</subfield>
    <subfield code="b">Oxford university press;</subfield>
    <subfield code="c">2009.</subfield>
  </datafield>
  <datafield tag="300" ind1=" " ind2=" ">
    <subfield code="a">xxiv, 977 p.:</subfield>
    <subfield code="b">ill.;</subfield>
    <subfield code="c">18cm</subfield>
  </datafield>
  <datafield tag="500" ind1=" " ind2=" ">
    <subfield code="a">includes index</subfield>
  </datafield>
  <datafield tag="505" ind1=" " ind2=" ">
    <subfield code="a">Contents: Thinking about psychiatry -- Psychiatric assessment -- Symptoms of psychiatric illness -- Evidence-based psychiatry -- Organic illness -- Schizophrenia and related psychoses -- Depressive illness -- Bipolar illness -- Anxiety and stress-related disorders -- Eating and impulse-control disorders -- Sleep disorders -- Reproductive psychiatry, sexual dysfunction and sexuality -- Personality disorders -- Old age psychiatry -- Substance misuse -- Child and adolescent psychiatry -- Forensic psychiatry -- Learning disability -- Liaison psychiatry -- Psychotherapy -- Legal issues -- Transcultural psychiatry -- Therapeutic issues -- Difficult and urgent situations -- Useful resources -- ICD-10/DSM-IV index --</subfield>
  </datafield>
  <datafield tag="700" ind1=" " ind2=" ">
    <subfield code="a">Smyth, Roger</subfield>
    <subfield code="9">376</subfield>
  </datafield>
  <datafield tag="942" ind1=" " ind2=" ">
    <subfield code="2">lcc</subfield>
    <subfield code="c">BK</subfield>
    <subfield code="e">2nd ed</subfield>
  </datafield>
  <datafield tag="999" ind1=" " ind2=" ">
    <subfield code="c">10178</subfield>
    <subfield code="d">17678</subfield>
  </datafield>
  <datafield tag="952" ind1=" " ind2=" ">
    <subfield code="0">0</subfield>
    <subfield code="1">0</subfield>
    <subfield code="2">lcc</subfield>
    <subfield code="4">0</subfield>
    <subfield code="7">0</subfield>
    <subfield code="a">WIUC-KL</subfield>
    <subfield code="b">WIUC-KL</subfield>
    <subfield code="c">NURS L.</subfield>
    <subfield code="d">2023-06-05</subfield>
    <subfield code="o"> RC456.S47(2e)</subfield>
    <subfield code="p">KSN/1255/202/23</subfield>
    <subfield code="r">2023-11-06 00:00:00</subfield>
    <subfield code="t">1</subfield>
    <subfield code="w">2023-11-06</subfield>
    <subfield code="y">BK</subfield>
  </datafield>
  <datafield tag="952" ind1=" " ind2=" ">
    <subfield code="0">0</subfield>
    <subfield code="1">0</subfield>
    <subfield code="2">lcc</subfield>
    <subfield code="4">0</subfield>
    <subfield code="7">0</subfield>
    <subfield code="a">WIUC-KL</subfield>
    <subfield code="b">WIUC-KL</subfield>
    <subfield code="c">NURS L.</subfield>
    <subfield code="d">2023-06-05</subfield>
    <subfield code="o"> RC456.S471(2e)</subfield>
    <subfield code="p">KSN/1256/203/23</subfield>
    <subfield code="r">2023-11-06 00:00:00</subfield>
    <subfield code="t">2</subfield>
    <subfield code="w">2023-11-06</subfield>
    <subfield code="y">BK</subfield>
  </datafield>
</record>
